01138nam a2200193Ia 4500001001100000003001000011008004100021040002500062041001300087100001600100245004700116250001100163260008600174300001200260500026200272501011400534520026200648650003400910L240-51048IT-CnALBA170116s9999||||xx |||||||||||||| ||und|| aIT-CnALBAcIT-CnALBA aITALIANO aMARI PIETRO 0aL'AVVENTO DI DIO. RIFLESSIONI SPIRITUALI.  a1a ed. a MI, TObPAOLINE EDITORIALE LIBRI c1999 [1° Ed.:1999 - Ed.Ling.Originale: 1999] a186 p.  aAVVENTO DEL SIGNORE. FIGURE DELL'AVVENTO. ANDIAMOGLI INCONTRO. PROLOGO DEL CIECO. CREAZIONE. LA PAROLA. LA TORAH. STORIA DELLA SALVEZZA. GESÙ CRISTO E LO SPIRITO SANTO. ABRAMO... SANSONE. DAVIDE. MARIA. GIUSEPPE. GIOVANNI BATTISTA. VIGILANZA. SPERANZA. PA aSocietà San Paolo EM - Piazza San Paolo, 14 - 12051 ALBA (CN) (non commercial uses only) ® Copyright 2017 aAVVENTO DEL SIGNORE. FIGURE DELL'AVVENTO. ANDIAMOGLI INCONTRO. PROLOGO DEL CIECO. CREAZIONE. LA PAROLA. LA TORAH. STORIA DELLA SALVEZZA. GESÙ CRISTO E LO SPIRITO SANTO. ABRAMO... SANSONE. DAVIDE. MARIA. GIUSEPPE. GIOVANNI BATTISTA. VIGILANZA. SPERANZA. PA aTEOLOGIA SPIRITUALE CRISTIANA